[Event "IECG CA.2006.0.00168 email"]
[Site "IECG email"]
[Date "2006.03.19"]
[Round "?"]
[White "Bernal Varela, Nelson"]
[Black "Hristov, Hristo P"]
[Result "1-0"]
[WhiteElo "2150"]
[BlackElo "2139"]
[PlyCount "53"]
[EventDate "2006.03.19"]
[EventType "tourn (corr)"]
[EventRounds "6"]
[SourceTitle "Corr 2008"]
[Source "ChessBase"]
[SourceDate "2008.06.24"]
[SourceVersion "1"]
[SourceVersionDate "2008.06.24"]
[SourceQuality "1"]

1. e4 c5 2. Nf3 d6 3. d4 cxd4 4. Nxd4 Nf6 5. Nc3 a6 6. Bg5 e6 7. f4 b5 8. e5 dxe5 9. fxe5 Qc7 10. Bxf6 gxf6 11. exf6 Qe5+ 12. Be2 Ra7 13. Nf3 Qxf6 14. 0-0 Rd7 15. Bd3 Bb7 16. Qe1 Rg8 17. Bxh7 Rh8 18. Be4 Nc6 19. Rd1 Bc5+ 20. Kh1 Bd6 21. Bxc6 Bxc6 22. Ne4 Qf4 23. Nxd6+ Rxd6 24. Rxd6 Qxd6 25. Qe5 Qxe5 26. Nxe5 Bd5 27. Nxf7 1-0

[Event "IECG QA.2006.0.00075"]
[Site "IECG email"]
[Date "2006.03.17"]
[Round "?"]
[White "Hristov, Hristo P"]
[Black "Bernal Varela, Nelson"]
[Result "0-1"]
[WhiteElo "2139"]
[BlackElo "2150"]
[PlyCount "42"]
[EventDate "2006.03.17"]
[EventType "tourn (corr)"]
[EventRounds "6"]
[SourceTitle "Corr 2008"]
[Source "ChessBase"]
[SourceDate "2008.06.24"]
[SourceVersion "1"]
[SourceVersionDate "2008.06.24"]
[SourceQuality "1"]

1. d4 Nf6 2. c4 e6 3. Nf3 b6 4. g3 Bb4+ 5. Bd2 Bxd2+ 6. Qxd2 Ba6 7. b3 c6 8. Bg2 d5 9. Nc3 Nbd7 10. Qb2 Qe7 11. 0-0 0-0 12. Rfe1 dxc4 13. bxc4 c5 14. Ne5 cxd4 15. Nc6 Qc5 16. Nb5 e5 17. Ncxa7 Bxb5 18. Bxa8 Bxc4 19. Bg2 b5 20. Nc6 Rc8 21. Nb4 Nb6 0-1

[Event "IECG QA.2004.0.00055"]
[Site "IECG email"]
[Date "2004.08.23"]
[Round "1"]
[White "Hinterberger, Werner"]
[Black "Hristov, Hristo P"]
[Result "1-0"]
[WhiteElo "2100"]
[BlackElo "2139"]
[PlyCount "61"]
[EventDate "2004.08.23"]
[EventType "tourn (corr)"]
[EventRounds "6"]
[SourceTitle "Corr 2008"]
[Source "ChessBase"]
[SourceDate "2008.06.24"]
[SourceVersion "1"]
[SourceVersionDate "2008.06.24"]
[SourceQuality "1"]

1. d4 Nf6 2. c4 g6 3. Nc3 d5 4. cxd5 Nxd5 5. e4 Nxc3 6. bxc3 Bg7 7. Bc4 c5 8. Ne2 0-0 9. 0-0 Nc6 10. Be3 cxd4 11. cxd4 Bg4 12. f3 Na5 13. Bd3 Be6 14. d5 Bxa1 15. Qxa1 f6 16. Bh6 Re8 17. Kh1 Rc8 18. Nf4 Bd7 19. e5 Nc4 20. e6 Ba4 21. Nxg6 hxg6 22. Bxg6 Ne5 23. Be4 Bc2 24. Bxc2 Rxc2 25. Qd1 Kh7 26. f4 Kxh6 27. fxe5 Qc7 28. exf6 Qc4 29. f7 Rf8 30. d6 exd6 31. Re1 1-0

[Event "IECG QA.2004.0.00055"]
[Site "IECG email"]
[Date "2004.08.23"]
[Round "2"]
[White "Hristov, Hristo P"]
[Black "Kleinsorgen, Horst M"]
[Result "0-1"]
[WhiteElo "2139"]
[BlackElo "2145"]
[PlyCount "48"]
[EventDate "2004.08.23"]
[EventType "tourn (corr)"]
[EventRounds "6"]
[SourceTitle "Corr 2008"]
[Source "ChessBase"]
[SourceDate "2008.06.24"]
[SourceVersion "1"]
[SourceVersionDate "2008.06.24"]
[SourceQuality "1"]

1. c4 e5 2. Nc3 Bb4 3. Nd5 Be7 4. d4 d6 5. e4 c6 6. Nxe7 Qxe7 7. Ne2 Nf6 8. Nc3 0-0 9. Be2 exd4 10. Qxd4 c5 11. Qd3 Nc6 12. Bg5 Nb4 13. Qd2 h6 14. Bxf6 Qxf6 15. Rd1 Qg6 16. 0-0 Bh3 17. Bf3 Rad8 18. Nd5 Nxd5 19. Qxd5 Be6 20. Qd3 Qf6 21. b3 Rfe8 22. Rd2 b6 23. Bd1 Bd7 24. Bc2 Bc6 0-1